| 000 | 01295nam a2200289 4500 | ||
|---|---|---|---|
| 003 | EC-UNACH | ||
| 005 | 20260218125513.0 | ||
| 006 | s||||gr|||| 00| 00 | ||
| 008 | 150116t9999 mx r gr 000 0 spa d | ||
| 040 |
_aEC-UNACH _cEC-UNACH |
||
| 041 | _aspa | ||
| 082 | 0 | 4 |
_223 _a338 _bL018604 |
| 100 | _aMachado Aráoz, Horacio | ||
| 245 |
_aPotosí, el origen _bGenealogía de la minería contemporánea |
||
| 250 | _aPrimera edición | ||
| 264 |
_aQuito - Ecuador _bEditorial Abya - Yala _c2018 |
||
| 300 |
_a404 páginas _bgráficos |
||
| 501 | _aIncluye índice | ||
| 505 | _aCapítulo I Minería: Geología del colonialidad -- Capítulo II Minería: geología del colonialismo -- Arqueología de la modernidad -- Capítulo III Extractivismo minero y orden neocolonial, hoy... Mineralización y expropiación ecobiopolítica -- Capítulo IV A modo de conclusión: expropiación y mineralización de la condición humana -- A modo de epílogo -- El debate sobre el extractivismo ante la tierra arrasada "finde ciclo" -- Aprendizajes urgentes. | ||
| 650 | _aPOLÍTICAS DE GOBIERNO | ||
| 650 | _aMINERÍA COLONIAL | ||
| 650 | _aCOLONIALIDAD | ||
| 942 |
_2ddc _c1 |
||
| 999 | _c14362 | ||